GUYTON AND HALL TEXTBOOK OF MEDICAL PHYSIOLOGY THIRD SOUTH ASIA EDITION (Record no. 7845)

MARC details
000 -LEADER
fixed length control field 00483nam a22001697a 4500
005 - DATE AND TIME OF LATEST TRANSACTION
control field 20230119101544.0
008 - FIXED-LENGTH DATA ELEMENTS--GENERAL INFORMATION
fixed length control field 220120b ||||| |||| 00| 0 eng d
020 ## - INTERNATIONAL STANDARD BOOK NUMBER
ISBN 978-81-312-5774-6
041 ## - LANGUAGE CODE
Language code of text/sound track or separate title eng
082 ## - DEWEY DECIMAL CLASSIFICATION NUMBER
Classification number 612
100 ## - MAIN ENTRY--AUTHOR NAME
Personal name HALL, JOHN.E AND HALL, MICHAEL E.
245 ## - TITLE STATEMENT
Title GUYTON AND HALL TEXTBOOK OF MEDICAL PHYSIOLOGY THIRD SOUTH ASIA EDITION
260 ## - PUBLICATION, DISTRIBUTION, ETC. (IMPRINT)
Name of publisher ELSEVIER
Year of publication 2020
300 ## - PHYSICAL DESCRIPTION
Number of Pages 1011;p
650 ## - SUBJECT ADDED ENTRY--TOPICAL TERM
Topical Term BPT PHARMACY
General subdivision B.PHARMA & D.PHARMA
942 ## - ADDED ENTRY ELEMENTS (KOHA)
Koha item type Books
Holdings
Lost status Damaged status Collection code Home library Current library Shelving location Date acquired Source of acquisition Cost, normal purchase price Full call number Accession Number Koha item type
    PHYSIOTHERAPY JRU Library JRU Library SHELF-28-C 20/01/2022 PURCHASE 2035.00 612 25879 Books